| 000 | 00702nam a2200193 a 4500 | ||
|---|---|---|---|
| 001 | 000006479 | ||
| 005 | 20200929153932.0 | ||
| 008 | 090831s1951 dr 001 0 spa d | ||
| 040 |
_aDO-SdBNP _bspa _cBNPHU |
||
| 082 |
_a361.97293 _bH565t, 1951 |
||
| 100 | 1 |
_aHerrera Bornia, Orestes _914442 |
|
| 245 | 1 | 0 |
_aTareas de previsión social en la República Dominicana / _cOrestes Herrera Bornia. |
| 260 |
_aCiudad Trujillo, República Dominicana : _bArte y Cine, _c1951. |
||
| 300 |
_a274 p. ; _c21 cm. |
||
| 650 | 4 |
_aAsistencia pública _xLegislación _zRepública Dominicana _917948 |
|
| 650 | 4 |
_aSeguridad social _zRepública Dominicana _92151 |
|
| 910 | _aValidado. Control de calidad EMS | ||
| 049 | _aBNPD | ||
| 999 |
_c6270 _d6270 |
||